Library Banner

Recognizing Sufism : (Record no. 118361)

MARC details
000 -LEADER
fixed length control field 00599cam a22002057i 4500
001 - CONTROL NUMBER
control field 20608653
005 - DATE AND TIME OF LATEST TRANSACTION
control field 20200902175540.0
008 - FIXED-LENGTH DATA ELEMENTS--GENERAL INFORMATION
fixed length control field 180801t20162016enka b 001 0 eng d
020 ## - INTERNATIONAL STANDARD BOOK NUMBER
International Standard Book Number 9781848857902
040 ## - CATALOGING SOURCE
Transcribing agency PK-LaUMT
082 ## - DEWEY DECIMAL CLASSIFICATION NUMBER
Classification number 297.4
Item number BUE-R
100 1# - MAIN ENTRY--PERSONAL NAME
Personal name Buehler, Arthur F.
245 10 - TITLE STATEMENT
Title Recognizing Sufism :
Remainder of title contemplation in the Islamic tradition /
Statement of responsibility, etc by Arthur F. Buehler
260 ## - PUBLICATION, DISTRIBUTION, ETC. (IMPRINT)
Place of publication, distribution, etc London :
Name of publisher, distributor, etc I. B. Tauris,
Date of publication, distribution, etc 2016
300 ## - PHYSICAL DESCRIPTION
Extent xiv, 241 p. :
Other physical details illustrations ;
Dimensions 22 cm.
505 00 - FORMATTED CONTENTS NOTE
Miscellaneous information Introduction:
-- Afterword:
650 #0 - SUBJECT ADDED ENTRY--TOPICAL TERM
Topical term or geographic name as entry element Sufism.
650 #0 - SUBJECT ADDED ENTRY--TOPICAL TERM
Topical term or geographic name as entry element Sufism
General subdivision History.
942 ## - ADDED ENTRY ELEMENTS (KOHA)
Koha item type Books
Holdings
Withdrawn status Lost status Damaged status Home library Current library Date acquired Full call number Barcode Date last seen Price effective from Koha item type
      UMT Main Campus UMT Main Campus 2020-09-02 297.4 BUE-R 134729 2020-09-02 2020-09-02 Books